[Event "Turniej Przyjazni Polsko-Wegierskiej"]
[Site "Katowice"]
[Date "2018.05.05"]
[Round "7.6"]
[White "Raszka, Janusz"]
[Black "Razin, Vadim"]
[Result "0-1"]
[BlackElo "2373"]
[WhiteElo "2125"]
[LiveChessVersion "1.4.8"]

1. e4 {[%clk 0:15:16]} e6 {[%clk 0:15:19]} 2. d4 {[%clk 0:15:24]} d5
{[%clk 0:15:27]} 3. Nd2 {[%clk 0:15:31]} c5 {[%clk 0:15:31]} 4. exd5
{[%clk 0:15:13]} Qxd5 {[%clk 0:15:40]} 5. Ngf3 {[%clk 0:14:36]} cxd4
{[%clk 0:15:48]} 6. Bc4 {[%clk 0:14:38]} Qc5 {[%clk 0:15:56]} 7. Qe2
{[%clk 0:13:18]} Nf6 {[%clk 0:15:59]} 8. Nb3 {[%clk 0:13:03]} Qc7
{[%clk 0:16:06]} 9. Nbxd4 {[%clk 0:12:55]} a6 {[%clk 0:16:14]} 10. O-O
{[%clk 0:12:45]} Be7 {[%clk 0:15:41]} 11. Ne5 {[%clk 0:12:40]} O-O
{[%clk 0:15:14]} 12. Nxf7 {[%clk 0:11:22]} Rxf7 {[%clk 0:10:51]} 13. Nxe6
{[%clk 0:11:29]} Bxe6 {[%clk 0:10:21]} 14. Qxe6 {[%clk 0:11:36]} Bf8
{[%clk 0:08:21]} 15. Bf4 {[%clk 0:06:36]} Qd7 {[%clk 0:08:05]} 16. Rad1
{[%clk 0:06:05]} Qxe6 {[%clk 0:08:13]} 17. Bxe6 {[%clk 0:06:13]} Nc6
{[%clk 0:08:12]} 18. Rfe1 {[%clk 0:04:08]} Bc5 {[%clk 0:06:59]} 19. c3
{[%clk 0:03:43]} a5 {[%clk 0:05:45]} 20. h3 {[%clk 0:03:48]} h6 {[%clk 0:05:33]}
21. g4 {[%clk 0:03:30]} Raf8 {[%clk 0:05:04]} 22. Kg2 {[%clk 0:03:33]} Kh7
{[%clk 0:04:50]} 23. Bxf7 {[%clk 0:03:39]} Rxf7 {[%clk 0:05:00]} 24. Bg3
{[%clk 0:03:41]} Ne7 {[%clk 0:03:47]} 25. Bd6 {[%clk 0:02:40]} Bxd6
{[%clk 0:03:51]} 26. Rxd6 {[%clk 0:02:48]} Ng6 {[%clk 0:03:51]} 27. Kg3
{[%clk 0:02:50]} h5 {[%clk 0:03:59]} 28. b4 {[%clk 0:02:02]} h4+ {[%clk 0:03:55]}
29. Kh2 {[%clk 0:02:11]} axb4 {[%clk 0:03:45]} 30. cxb4 {[%clk 0:02:20]} Nd7
{[%clk 0:03:47]} 31. Re2 {[%clk 0:02:20]} Nde5 {[%clk 0:03:54]} 32. Kh1
{[%clk 0:02:01]} Rf3 {[%clk 0:03:56]} 33. Re3 {[%clk 0:01:36]} Rxf2
{[%clk 0:04:04]} 34. Kg1 {[%clk 0:01:31]} Rxa2 {[%clk 0:04:12]} 35. Rd5
{[%clk 0:01:40]} Nf7 {[%clk 0:02:29]} 36. Rh5+ {[%clk 0:01:45]} Nh6
{[%clk 0:01:38]} 37. g5 {[%clk 0:01:41]} Nf4 {[%clk 0:01:47]} 38. Rxh4
{[%clk 0:01:46]} Ng6 {[%clk 0:01:10]} 39. Rh5 {[%clk 0:01:34]} Nf4
{[%clk 0:01:18]} 40. Rh4 {[%clk 0:01:43]} Ng6 {[%clk 0:00:59]} 41. Rh5
{[%clk 0:01:50]} Ra1+ {[%clk 0:00:59]} 42. Kf2 {[%clk 0:01:50]} Nf4
{[%clk 0:01:06]} 43. Rh4 {[%clk 0:01:56]} Ra2+ {[%clk 0:01:10]} 44. Kf3
{[%clk 0:02:00]} Ng2 {[%clk 0:01:15]} 45. g6+ {[%clk 0:00:12]} Kxg6
{[%clk 0:01:23]} 46. Re6+ {[%clk 0:00:20]} Kf7 {[%clk 0:00:15]} 47. Rhxh6
{[%clk 0:00:26]} gxh6 {[%clk 0:00:21]} 48. Rxh6 {[%clk 0:00:35]} Ne1+
{[%clk 0:00:18]} 49. Ke4 {[%clk 0:00:33]} b5 {[%clk 0:00:13]} 50. Rb6
{[%clk 0:00:25]} Re2+ {[%clk 0:00:19]} 51. Kd5 {[%clk 0:00:27]} Nd3
{[%clk 0:00:13]} 52. Rxb5 {[%clk 0:00:33]} Re5+ {[%clk 0:00:21]} 53. Kc6
{[%clk 0:00:36]} Re6+ {[%clk 0:00:27]} 54. Kc7 {[%clk 0:00:41]} Re4
{[%clk 0:00:26]} 55. Rb7 {[%clk 0:00:13]} Nxb4 {[%clk 0:00:26]} 56. Kd6+
{[%clk 0:00:21]} Kf6 {[%clk 0:00:32]} 57. Kc5 {[%clk 0:00:27]} Nd3+
{[%clk 0:00:21]} 58. Kd5 {[%clk 0:00:33]} Rh4 {[%clk 0:00:28]} 59. Rb1
{[%clk 0:00:30]} Kf5 {[%clk 0:00:16]} 60. Rh1 {[%clk 0:00:27]} Nf4+
{[%clk 0:00:17]} 61. Kd4 {[%clk 0:00:30]} Ne2+ {[%clk 0:00:18]} 62. Ke3
{[%clk 0:00:36]} Ng3 {[%clk 0:00:23]} 63. Kf3 {[%clk 0:00:41]} Nxh1
{[%clk 0:00:31]} 0-1

[Event "Turniej Przyjazni Polsko-Wegierskiej"]
[Site "Katowice"]
[Date "2018.05.05"]
[Round "7.7"]
[White "Socko, Monika"]
[Black "Cieslar, Michal"]
[Result "1-0"]
[BlackElo "2153"]
[WhiteElo "2360"]
[LiveChessVersion "1.4.8"]

1. d4 {[%clk 0:15:19]} d6 {[%clk 0:15:19]} 2. c4 {[%clk 0:15:27]} g6
{[%clk 0:15:28]} 3. Nf3 {[%clk 0:15:35]} Bg7 {[%clk 0:15:37]} 4. g3
{[%clk 0:15:44]} Nd7 {[%clk 0:15:44]} 5. Bg2 {[%clk 0:15:53]} e5 {[%clk 0:15:53]}
6. O-O {[%clk 0:15:59]} Ne7 {[%clk 0:15:54]} 7. Nc3 {[%clk 0:16:04]} O-O
{[%clk 0:16:01]} 8. e4 {[%clk 0:16:01]} h6 {[%clk 0:15:59]} 9. Be3
{[%clk 0:15:15]} f5 {[%clk 0:15:19]} 10. dxe5 {[%clk 0:15:15]} dxe5
{[%clk 0:14:58]} 11. Qd2 {[%clk 0:14:21]} Kh7 {[%clk 0:14:53]} 12. Rad1
{[%clk 0:14:19]} c6 {[%clk 0:14:55]} 13. exf5 {[%clk 0:12:24]} gxf5
{[%clk 0:14:51]} 14. Nh4 {[%clk 0:11:55]} Qe8 {[%clk 0:12:24]} 15. f4
{[%clk 0:11:34]} e4 {[%clk 0:12:21]} 16. g4 {[%clk 0:07:58]} fxg4
{[%clk 0:12:28]} 17. Bxe4+ {[%clk 0:07:46]} Kh8 {[%clk 0:12:13]} 18. Qd6
{[%clk 0:07:04]} Nf6 {[%clk 0:12:13]} 19. Qxe7 {[%clk 0:06:47]} Qxe7
{[%clk 0:11:35]} 20. Ng6+ {[%clk 0:06:48]} Kh7 {[%clk 0:11:29]} 21. Nxe7+
{[%clk 0:06:37]} Nxe4 {[%clk 0:11:38]} 22. Nxe4 {[%clk 0:06:00]} Re8
{[%clk 0:11:14]} 23. Bc5 {[%clk 0:05:57]} b6 {[%clk 0:11:09]} 24. Bd6
{[%clk 0:05:42]} c5 {[%clk 0:08:52]} 25. f5 {[%clk 0:05:13]} Bb7 {[%clk 0:08:34]}
26. f6 {[%clk 0:04:53]} Bxe4 {[%clk 0:08:37]} 27. fxg7 {[%clk 0:04:51]} Kxg7
{[%clk 0:08:46]} 28. Be5+ {[%clk 0:05:06]} 1-0

[Event "Turniej Przyjazni Polsko-Wegierskiej"]
[Site "Katowice"]
[Date "2018.05.05"]
[Round "7.8"]
[White "Kempinski, Robert"]
[Black "Antolak, Julia"]
[Result "1-0"]
[BlackElo "2085"]
[WhiteElo "2583"]
[LiveChessVersion "1.4.8"]

1. d4 {[%clk 0:15:17]} Nf6 {[%clk 0:15:18]} 2. c4 {[%clk 0:15:23]} g6
{[%clk 0:15:25]} 3. Nf3 {[%clk 0:15:30]} Bg7 {[%clk 0:15:33]} 4. e3
{[%clk 0:15:32]} O-O {[%clk 0:15:39]} 5. Be2 {[%clk 0:15:40]} d5 {[%clk 0:14:47]}
6. cxd5 {[%clk 0:15:48]} Nxd5 {[%clk 0:14:54]} 7. e4 {[%clk 0:15:43]} Nb6
{[%clk 0:15:02]} 8. Nc3 {[%clk 0:15:30]} N8d7 {[%clk 0:14:22]} 9. O-O
{[%clk 0:15:25]} e5 {[%clk 0:13:09]} 10. Bg5 {[%clk 0:15:30]} Qe8
{[%clk 0:12:20]} 11. Nb5 {[%clk 0:15:17]} exd4 {[%clk 0:11:16]} 12. Nxc7
{[%clk 0:14:58]} Qxe4 {[%clk 0:11:24]} 13. Bd3 {[%clk 0:14:24]} Qc6
{[%clk 0:10:56]} 14. Rc1 {[%clk 0:13:57]} Qd6 {[%clk 0:11:00]} 15. Nxa8
{[%clk 0:12:42]} Nxa8 {[%clk 0:11:09]} 16. Qe2 {[%clk 0:11:55]} Ne5
{[%clk 0:08:50]} 17. Nxe5 {[%clk 0:11:59]} Qxe5 {[%clk 0:08:52]} 18. Qxe5
{[%clk 0:11:43]} Bxe5 {[%clk 0:09:01]} 19. Rfe1 {[%clk 0:11:39]} Bg7
{[%clk 0:09:06]} 20. Be7 {[%clk 0:11:34]} Re8 {[%clk 0:09:13]} 21. Bb5
{[%clk 0:10:58]} 1-0

[Event "Turniej Przyjazni Polsko-Wegierskiej"]
[Site "Katowice"]
[Date "2018.05.05"]
[Round "7.9"]
[White "Rawicz, Karol"]
[Black "Mista, Aleksander"]
[Result "1/2-1/2"]
[BlackElo "2548"]
[WhiteElo "2134"]
[LiveChessVersion "1.4.8"]

1. d4 {[%clk 0:15:17]} Nf6 {[%clk 0:15:19]} 2. c4 {[%clk 0:15:25]} g6
{[%clk 0:15:28]} 3. Nc3 {[%clk 0:15:32]} d5 {[%clk 0:15:37]} 4. Nf3
{[%clk 0:15:37]} Bg7 {[%clk 0:15:46]} 5. Qb3 {[%clk 0:15:44]} dxc4
{[%clk 0:15:54]} 6. Qxc4 {[%clk 0:15:51]} O-O {[%clk 0:16:02]} 7. e4
{[%clk 0:15:56]} Nc6 {[%clk 0:16:11]} 8. Be2 {[%clk 0:15:50]} e5 {[%clk 0:16:20]}
9. d5 {[%clk 0:15:54]} Nd4 {[%clk 0:16:29]} 10. Nxd4 {[%clk 0:15:57]} exd4
{[%clk 0:16:37]} 11. Qxd4 {[%clk 0:16:03]} c6 {[%clk 0:16:46]} 12. Qc4
{[%clk 0:16:10]} b5 {[%clk 0:16:53]} 13. Qxc6 {[%clk 0:16:17]} Bd7
{[%clk 0:17:02]} 14. Qd6 {[%clk 0:16:26]} Re8 {[%clk 0:17:10]} 15. Bd3
{[%clk 0:15:25]} Nh5 {[%clk 0:16:15]} 16. Ne2 {[%clk 0:05:45]} Bf8
{[%clk 0:14:02]} 17. Qa6 {[%clk 0:05:48]} Bb4+ {[%clk 0:13:58]} 18. Kf1
{[%clk 0:05:57]} Bc5 {[%clk 0:13:30]} 19. Bd2 {[%clk 0:05:10]} Qh4
{[%clk 0:13:00]} 20. Be1 {[%clk 0:04:13]} Nf4 {[%clk 0:11:30]} 21. Nxf4
{[%clk 0:03:29]} Qxf4 {[%clk 0:11:38]} 22. h4 {[%clk 0:02:22]} f5
{[%clk 0:10:28]} 23. Qf6 {[%clk 0:01:49]} Rf8 {[%clk 0:08:47]} 24. Qg5
{[%clk 0:01:47]} fxe4 {[%clk 0:08:33]} 25. Qxf4 {[%clk 0:00:39]} Rxf4
{[%clk 0:08:42]} 26. Be2 {[%clk 0:00:18]} Bxf2 {[%clk 0:08:24]} 27. Bxf2
{[%clk 0:00:26]} Raf8 {[%clk 0:08:33]} 28. Ke1 {[%clk 0:00:18]} Rxf2
{[%clk 0:08:41]} 29. Rg1 {[%clk 0:00:20]} e3 {[%clk 0:08:02]} 30. Rc1
{[%clk 0:00:26]} R8f5 {[%clk 0:07:39]} 31. Rc3 {[%clk 0:00:22]} Rxd5
{[%clk 0:06:55]} 32. Rxe3 {[%clk 0:00:31]} Rf6 {[%clk 0:06:46]} 33. Rf1
{[%clk 0:00:32]} Re6 {[%clk 0:06:43]} 34. Rxe6 {[%clk 0:00:29]} Bxe6
{[%clk 0:06:52]} 35. Rf4 {[%clk 0:00:25]} Re5 {[%clk 0:06:53]} 36. b3
{[%clk 0:00:21]} a5 {[%clk 0:06:51]} 37. Kd2 {[%clk 0:00:26]} Kg7
{[%clk 0:06:56]} 38. b4 {[%clk 0:00:23]} a4 {[%clk 0:04:44]} 39. a3
{[%clk 0:00:32]} h6 {[%clk 0:04:37]} 40. Rd4 {[%clk 0:00:14]} g5 {[%clk 0:04:23]}
41. hxg5 {[%clk 0:00:19]} Rxg5 {[%clk 0:04:32]} 42. Rd6 {[%clk 0:00:12]} Bf7
{[%clk 0:04:12]} 43. g4 {[%clk 0:00:16]} Re5 {[%clk 0:03:53]} 44. Rc6
{[%clk 0:00:16]} Be8 {[%clk 0:03:43]} 45. Rc5 {[%clk 0:00:24]} Kf6
{[%clk 0:03:18]} 46. Rxe5 {[%clk 0:00:21]} Kxe5 {[%clk 0:03:27]} 47. Ke3
{[%clk 0:00:30]} Bd7 {[%clk 0:03:34]} 48. Bf3 {[%clk 0:00:26]} Be8
{[%clk 0:03:18]} 49. Be2 {[%clk 0:00:34]} Kd5 {[%clk 0:03:24]} 50. Bd3
{[%clk 0:00:25]} Bd7 {[%clk 0:03:24]} 51. Be2 {[%clk 0:00:34]} Ke5
{[%clk 0:03:11]} 52. Bf3 {[%clk 0:00:39]} Be8 {[%clk 0:02:53]} 53. Be4
{[%clk 0:00:35]} Bd7 {[%clk 0:02:55]} 54. Bf3 {[%clk 0:00:43]} Be8
{[%clk 0:03:04]} 1/2-1/2

[Event "Turniej Przyjazni Polsko-Wegierskiej"]
[Site "Katowice"]
[Date "2018.05.05"]
[Round "7.10"]
[White "Swayams, Mishra"]
[Black "Chylewski, Patryk"]
[Result "0-1"]
[BlackElo "2128"]
[WhiteElo "2518"]
[LiveChessVersion "1.4.8"]

1. d4 {[%clk 0:15:18]} d5 {[%clk 0:15:19]} 2. Nf3 {[%clk 0:15:24]} Nf6
{[%clk 0:15:26]} 3. c4 {[%clk 0:15:26]} e6 {[%clk 0:15:35]} 4. Nc3
{[%clk 0:15:28]} a6 {[%clk 0:15:43]} 5. cxd5 {[%clk 0:15:17]} exd5
{[%clk 0:15:52]} 6. g3 {[%clk 0:15:14]} Bd6 {[%clk 0:15:03]} 7. Bg2
{[%clk 0:15:16]} c6 {[%clk 0:15:09]} 8. O-O {[%clk 0:15:05]} O-O {[%clk 0:15:14]}
9. Qb3 {[%clk 0:14:13]} Re8 {[%clk 0:14:33]} 10. Bf4 {[%clk 0:12:58]} Bxf4
{[%clk 0:13:40]} 11. gxf4 {[%clk 0:13:07]} Ne4 {[%clk 0:13:23]} 12. e3
{[%clk 0:12:45]} Qe7 {[%clk 0:12:35]} 13. Nxe4 {[%clk 0:11:57]} dxe4
{[%clk 0:12:33]} 14. Ne5 {[%clk 0:09:46]} Be6 {[%clk 0:12:31]} 15. Qc2
{[%clk 0:09:54]} Bd5 {[%clk 0:12:39]} 16. f3 {[%clk 0:09:02]} exf3
{[%clk 0:11:31]} 17. Bxf3 {[%clk 0:09:08]} f6 {[%clk 0:10:01]} 18. Nc4
{[%clk 0:06:00]} Nd7 {[%clk 0:09:11]} 19. Rae1 {[%clk 0:05:56]} Qe6
{[%clk 0:06:56]} 20. f5 {[%clk 0:05:30]} Qe7 {[%clk 0:07:05]} 21. e4
{[%clk 0:05:31]} Bxc4 {[%clk 0:06:36]} 22. Qxc4+ {[%clk 0:05:40]} Qf7
{[%clk 0:06:21]} 23. Qxf7+ {[%clk 0:05:18]} Kxf7 {[%clk 0:06:30]} 24. e5
{[%clk 0:05:15]} Kf8 {[%clk 0:06:14]} 25. e6 {[%clk 0:04:47]} Nb6
{[%clk 0:06:20]} 26. Re3 {[%clk 0:04:52]} Nc4 {[%clk 0:05:26]} 27. Rc3
{[%clk 0:03:52]} Nd2 {[%clk 0:04:33]} 28. Rd1 {[%clk 0:03:19]} Nxf3+
{[%clk 0:04:41]} 29. Rxf3 {[%clk 0:03:28]} Rad8 {[%clk 0:04:35]} 30. Rh3
{[%clk 0:02:16]} Rd5 {[%clk 0:03:20]} 31. Rxh7 {[%clk 0:02:08]} Rxf5
{[%clk 0:03:28]} 32. Re1 {[%clk 0:01:55]} Rf4 {[%clk 0:03:13]} 33. Rh3
{[%clk 0:00:24]} Rxd4 {[%clk 0:03:16]} 34. Rb3 {[%clk 0:00:33]} Re7
{[%clk 0:03:20]} 35. Rh3 {[%clk 0:00:34]} Kg8 {[%clk 0:03:11]} 36. Re2
{[%clk 0:00:36]} g6 {[%clk 0:02:52]} 37. Kf2 {[%clk 0:00:40]} Kg7
{[%clk 0:02:58]} 38. Rb3 {[%clk 0:00:15]} f5 {[%clk 0:03:00]} 39. Rbe3
{[%clk 0:00:17]} Kf6 {[%clk 0:03:02]} 40. Kf3 {[%clk 0:00:22]} Rd6
{[%clk 0:03:09]} 41. Rb3 {[%clk 0:00:28]} Rdxe6 {[%clk 0:03:09]} 42. Rxe6+
{[%clk 0:00:36]} Kxe6 {[%clk 0:03:17]} 43. a4 {[%clk 0:00:38]} g5
{[%clk 0:03:15]} 44. a5 {[%clk 0:00:46]} Kd5 {[%clk 0:03:17]} 45. Rb4
{[%clk 0:00:48]} Kc5 {[%clk 0:03:06]} 46. Rb3 {[%clk 0:00:49]} Kc4
{[%clk 0:03:14]} 47. Rb6 {[%clk 0:00:49]} Rh7 {[%clk 0:03:15]} 48. Kg3
{[%clk 0:00:55]} Rd7 {[%clk 0:03:00]} 49. h4 {[%clk 0:00:24]} gxh4+
{[%clk 0:02:58]} 50. Kxh4 {[%clk 0:00:33]} Rg7 {[%clk 0:03:00]} 51. b3+
{[%clk 0:00:42]} Kc5 {[%clk 0:03:07]} 52. b4+ {[%clk 0:00:50]} Kd5
{[%clk 0:03:03]} 53. b5 {[%clk 0:00:59]} axb5 {[%clk 0:03:10]} 54. a6
{[%clk 0:01:07]} bxa6 {[%clk 0:03:18]} 55. Rxa6 {[%clk 0:01:16]} b4
{[%clk 0:03:23]} 56. Rb6 {[%clk 0:01:25]} c5 {[%clk 0:03:30]} 57. Rb8
{[%clk 0:01:33]} Kc4 {[%clk 0:03:37]} 0-1

[Event "Turniej Przyjazni Polsko-Wegierskiej"]
[Site "Katowice"]
[Date "2018.05.05"]
[Round "7.11"]
[White "Sanz Losada, Victoriano"]
[Black "Omelja, Artem"]
[Result "0-1"]
[BlackElo "2483"]
[WhiteElo "2104"]
[LiveChessVersion "1.4.8"]

1. d4 {[%clk 0:15:17]} f5 {[%clk 0:15:17]} 2. Nc3 {[%clk 0:15:24]} Nf6
{[%clk 0:15:23]} 3. e4 {[%clk 0:15:27]} fxe4 {[%clk 0:15:29]} 4. f3
{[%clk 0:15:35]} exf3 {[%clk 0:15:16]} 5. Nxf3 {[%clk 0:15:42]} g6
{[%clk 0:15:21]} 6. Bg5 {[%clk 0:15:39]} Bg7 {[%clk 0:15:26]} 7. Qd2
{[%clk 0:15:47]} d5 {[%clk 0:15:15]} 8. Bh6 {[%clk 0:15:11]} O-O {[%clk 0:15:18]}
9. Bxg7 {[%clk 0:15:13]} Kxg7 {[%clk 0:15:26]} 10. Bd3 {[%clk 0:15:20]} Nc6
{[%clk 0:15:22]} 11. O-O-O {[%clk 0:15:17]} Bg4 {[%clk 0:15:26]} 12. Bb5
{[%clk 0:12:29]} Bxf3 {[%clk 0:14:47]} 13. gxf3 {[%clk 0:12:25]} Qd6
{[%clk 0:14:48]} 14. Rde1 {[%clk 0:11:11]} Nh5 {[%clk 0:14:38]} 15. Bxc6
{[%clk 0:10:17]} bxc6 {[%clk 0:14:45]} 16. Qg5 {[%clk 0:10:24]} Rae8
{[%clk 0:14:38]} 17. Qe5+ {[%clk 0:09:24]} Qxe5 {[%clk 0:14:39]} 18. Rxe5
{[%clk 0:09:33]} Rxf3 {[%clk 0:14:41]} 19. Rhe1 {[%clk 0:09:42]} Kf7
{[%clk 0:14:43]} 20. Na4 {[%clk 0:09:47]} Rf5 {[%clk 0:12:52]} 21. R5e3
{[%clk 0:06:39]} Nf4 {[%clk 0:12:46]} 22. Rc3 {[%clk 0:06:48]} Rf6
{[%clk 0:11:56]} 23. Nc5 {[%clk 0:06:55]} Rd8 {[%clk 0:11:10]} 24. Ra3
{[%clk 0:05:13]} Ra8 {[%clk 0:10:52]} 25. Nd7 {[%clk 0:05:18]} Re6
{[%clk 0:10:34]} 26. Ne5+ {[%clk 0:03:35]} Ke8 {[%clk 0:10:19]} 27. Ra6
{[%clk 0:03:07]} c5 {[%clk 0:10:21]} 28. Rxe6 {[%clk 0:02:43]} Nxe6
{[%clk 0:10:30]} 29. Nc6 {[%clk 0:01:43]} Kf7 {[%clk 0:07:26]} 30. dxc5
{[%clk 0:01:15]} a5 {[%clk 0:07:35]} 31. Rf1+ {[%clk 0:00:48]} Kg7
{[%clk 0:07:22]} 32. Nxe7 {[%clk 0:00:45]} d4 {[%clk 0:07:03]} 33. Re1
{[%clk 0:00:26]} Nxc5 {[%clk 0:06:26]} 34. Nc6 {[%clk 0:00:35]} d3
{[%clk 0:04:59]} 35. Re5 {[%clk 0:00:40]} Nb7 {[%clk 0:03:48]} 36. Re7+
{[%clk 0:00:42]} Kh6 {[%clk 0:03:55]} 37. cxd3 {[%clk 0:00:46]} Rf8
{[%clk 0:03:41]} 38. d4 {[%clk 0:00:33]} Rf1+ {[%clk 0:03:42]} 39. Kc2
{[%clk 0:00:40]} Rf2+ {[%clk 0:03:44]} 40. Kc3 {[%clk 0:00:49]} Nd6
{[%clk 0:03:53]} 41. a4 {[%clk 0:00:28]} Rxh2 {[%clk 0:03:55]} 42. Nxa5
{[%clk 0:00:28]} g5 {[%clk 0:03:58]} 43. Nc6 {[%clk 0:00:21]} g4 {[%clk 0:02:53]}
44. Ne5 {[%clk 0:00:29]} Rh3+ {[%clk 0:03:01]} 45. Kb4 {[%clk 0:00:17]} g3
{[%clk 0:03:09]} 46. Rxc7 {[%clk 0:00:13]} g2 {[%clk 0:03:09]} 47. Rc6
{[%clk 0:00:00]} 0-1

[Event "Turniej Przyjazni Polsko-Wegierskiej"]
[Site "Katowice"]
[Date "2018.05.05"]
[Round "7.12"]
[White "Orzech, Dominik"]
[Black "Tworzydlo, Piotr"]
[Result "1-0"]
[BlackElo "2196"]
[WhiteElo "2417"]
[LiveChessVersion "1.4.8"]

1. d4 {[%clk 0:15:19]} Nf6 {[%clk 0:15:17]} 2. Nf3 {[%clk 0:15:28]} g6
{[%clk 0:15:22]} 3. c4 {[%clk 0:15:32]} Bg7 {[%clk 0:15:26]} 4. Nc3
{[%clk 0:15:41]} d5 {[%clk 0:15:31]} 5. e3 {[%clk 0:15:49]} O-O {[%clk 0:15:30]}
6. Qb3 {[%clk 0:15:58]} e6 {[%clk 0:14:55]} 7. Bd2 {[%clk 0:15:55]} Nc6
{[%clk 0:14:49]} 8. cxd5 {[%clk 0:15:51]} exd5 {[%clk 0:14:45]} 9. Be2
{[%clk 0:15:56]} Ne7 {[%clk 0:12:44]} 10. O-O {[%clk 0:16:00]} c6
{[%clk 0:12:09]} 11. Na4 {[%clk 0:15:32]} Ne4 {[%clk 0:11:55]} 12. Bb4
{[%clk 0:15:36]} Re8 {[%clk 0:11:33]} 13. Nc5 {[%clk 0:15:11]} Nf5
{[%clk 0:10:36]} 14. Nxe4 {[%clk 0:14:44]} Rxe4 {[%clk 0:09:05]} 15. Bd3
{[%clk 0:14:46]} Re8 {[%clk 0:09:05]} 16. a4 {[%clk 0:14:28]} Nd6
{[%clk 0:08:51]} 17. Rfc1 {[%clk 0:12:59]} Ne4 {[%clk 0:08:01]} 18. Qc2
{[%clk 0:12:46]} h5 {[%clk 0:07:12]} 19. Nd2 {[%clk 0:10:33]} Nd6
{[%clk 0:05:25]} 20. Rab1 {[%clk 0:10:09]} Bf5 {[%clk 0:05:31]} 21. Bxd6
{[%clk 0:10:12]} Bxd3 {[%clk 0:05:39]} 22. Qxd3 {[%clk 0:10:20]} Qxd6
{[%clk 0:05:48]} 23. b4 {[%clk 0:10:29]} Rac8 {[%clk 0:05:20]} 24. Nb3
{[%clk 0:07:53]} Rc7 {[%clk 0:03:59]} 25. Nc5 {[%clk 0:06:20]} h4
{[%clk 0:03:46]} 26. Qc2 {[%clk 0:05:52]} h3 {[%clk 0:02:41]} 27. g3
{[%clk 0:06:01]} Rce7 {[%clk 0:02:23]} 28. Qd1 {[%clk 0:05:47]} Qf6
{[%clk 0:01:27]} 29. Qg4 {[%clk 0:05:43]} Bh6 {[%clk 0:00:18]} 30. Rc3
{[%clk 0:04:44]} 1-0

[Event "Turniej Przyjazni Polsko-Wegierskiej"]
[Site "Katowice"]
[Date "2018.05.05"]
[Round "7.13"]
[White "Kazakov, Mikhail"]
[Black "Lukasiewicz, Krzysztof"]
[Result "1-0"]
[BlackElo "2096"]
[WhiteElo "2382"]
[LiveChessVersion "1.4.8"]

1. d4 {[%clk 0:15:17]} Nf6 {[%clk 0:15:19]} 2. c4 {[%clk 0:15:25]} e6
{[%clk 0:14:49]} 3. Nf3 {[%clk 0:15:31]} d5 {[%clk 0:14:58]} 4. Nc3
{[%clk 0:15:38]} Be7 {[%clk 0:15:07]} 5. Bg5 {[%clk 0:15:44]} h6 {[%clk 0:15:11]}
6. Bh4 {[%clk 0:15:46]} O-O {[%clk 0:15:19]} 7. e3 {[%clk 0:15:44]} b6
{[%clk 0:15:28]} 8. Rc1 {[%clk 0:15:12]} Bb7 {[%clk 0:15:31]} 9. cxd5
{[%clk 0:15:05]} Nxd5 {[%clk 0:13:26]} 10. Bg3 {[%clk 0:14:56]} c5
{[%clk 0:12:50]} 11. Bd3 {[%clk 0:13:15]} cxd4 {[%clk 0:10:29]} 12. exd4
{[%clk 0:13:20]} Nc6 {[%clk 0:10:37]} 13. O-O {[%clk 0:13:14]} Rc8
{[%clk 0:10:45]} 14. Bb1 {[%clk 0:13:12]} Nxc3 {[%clk 0:08:03]} 15. bxc3
{[%clk 0:13:16]} Na5 {[%clk 0:08:10]} 16. Re1 {[%clk 0:12:58]} Bd5
{[%clk 0:08:13]} 17. Qd3 {[%clk 0:11:12]} f5 {[%clk 0:08:10]} 18. Ne5
{[%clk 0:09:33]} Ba3 {[%clk 0:07:43]} 19. Rcd1 {[%clk 0:07:56]} Bb2
{[%clk 0:07:11]} 20. Ng6 {[%clk 0:06:46]} Re8 {[%clk 0:07:05]} 21. Nf4
{[%clk 0:03:57]} Bxc3 {[%clk 0:04:12]} 22. Re5 {[%clk 0:03:23]} Bb7
{[%clk 0:03:38]} 23. Rxe6 {[%clk 0:02:16]} Rxe6 {[%clk 0:03:39]} 24. Qxf5
{[%clk 0:00:57]} Rf6 {[%clk 0:03:00]} 25. Qh7+ {[%clk 0:01:05]} Kf7
{[%clk 0:02:55]} 26. Bg6+ {[%clk 0:00:22]} Rxg6 {[%clk 0:02:29]} 27. Qxg6+
{[%clk 0:00:15]} Kg8 {[%clk 0:02:33]} 28. Nh5 {[%clk 0:00:20]} Qg5
{[%clk 0:01:44]} 29. Qe6+ {[%clk 0:00:16]} Kh7 {[%clk 0:01:34]} 30. Nf4
{[%clk 0:00:13]} Nc6 {[%clk 0:00:36]} 31. Qe4+ {[%clk 0:00:18]} Kh8
{[%clk 0:00:24]} 32. h4 {[%clk 0:00:23]} Qf6 {[%clk 0:00:14]} 33. Nd5
{[%clk 0:00:24]} Nb4 {[%clk 0:00:11]} 34. Nxf6 {[%clk 0:00:23]} Bxe4 35. Nxe4
{[%clk 0:00:31]} Nxa2 {[%clk 0:00:29]} 36. d5 {[%clk 0:00:22]} Bf6
{[%clk 0:00:21]} 37. Nxf6 {[%clk 0:00:17]} gxf6 {[%clk 0:00:26]} 38. d6
{[%clk 0:00:26]} Nc3 {[%clk 0:00:28]} 39. d7 {[%clk 0:00:22]} Rd8
{[%clk 0:00:21]} 40. Bc7 {[%clk 0:00:26]} Nxd1 {[%clk 0:00:20]} 41. Bxd8
{[%clk 0:00:32]} 1-0

[Event "Turniej Przyjazni Polsko-Wegierskiej"]
[Site "Katowice"]
[Date "2018.05.05"]
[Round "7.14"]
[White "Szczurek, Krzysztof"]
[Black "Janik, Igor"]
[Result "0-1"]
[BlackElo "2356"]
[WhiteElo "1972"]
[LiveChessVersion "1.4.8"]

1. e4 {[%clk 0:15:18]} d6 {[%clk 0:15:19]} 2. Nf3 {[%clk 0:15:25]} Nf6
{[%clk 0:15:26]} 3. Nc3 {[%clk 0:15:33]} g6 {[%clk 0:15:34]} 4. d4
{[%clk 0:15:41]} Bg7 {[%clk 0:15:42]} 5. Be2 {[%clk 0:15:48]} O-O
{[%clk 0:15:50]} 6. Be3 {[%clk 0:15:51]} a6 {[%clk 0:15:58]} 7. O-O
{[%clk 0:15:35]} b5 {[%clk 0:16:04]} 8. a3 {[%clk 0:15:20]} Bb7 {[%clk 0:16:12]}
9. d5 {[%clk 0:15:22]} c6 {[%clk 0:16:14]} 10. Qd2 {[%clk 0:15:11]} cxd5
{[%clk 0:16:11]} 11. exd5 {[%clk 0:15:18]} Nbd7 {[%clk 0:16:20]} 12. Rfe1
{[%clk 0:14:20]} Nb6 {[%clk 0:16:17]} 13. Bxb6 {[%clk 0:14:14]} Qxb6
{[%clk 0:16:26]} 14. Bf1 {[%clk 0:14:23]} Rfe8 {[%clk 0:16:32]} 15. Re2
{[%clk 0:14:00]} Rac8 {[%clk 0:16:23]} 16. Rae1 {[%clk 0:13:56]} Rc7
{[%clk 0:16:27]} 17. g3 {[%clk 0:13:13]} Qc5 {[%clk 0:15:48]} 18. Rd1
{[%clk 0:12:28]} Bc8 {[%clk 0:13:08]} 19. Bg2 {[%clk 0:12:06]} Bg4
{[%clk 0:13:08]} 20. Rde1 {[%clk 0:11:15]} a5 {[%clk 0:12:50]} 21. Ne4
{[%clk 0:09:47]} Nxe4 {[%clk 0:12:56]} 22. Rxe4 {[%clk 0:09:55]} Bxf3
{[%clk 0:12:18]} 23. Bxf3 {[%clk 0:10:03]} Bxb2 {[%clk 0:12:18]} 24. R1e2
{[%clk 0:08:46]} Qxa3 {[%clk 0:11:38]} 25. Qh6 {[%clk 0:08:02]} Qxf3
{[%clk 0:11:03]} 0-1